Технологии телемедицины - инструмент оптимизации ресурсов в здравоохранении; Вестник науки Сибири; № 2 (3)
| Parent link: | Вестник науки Сибири: электронный научный журнал/ Томский политехнический университет (ТПУ).— , 2011-.— 2226-0064 № 2 (3).— 2012.— [С. 117-122] |
|---|---|
| अन्य लेखक: | , , , |
| सारांश: | Заглавие с титульного листа Рассматриваются вопросы повышения ресурсоэффективности здравоохранения за счет использования современных информационных технологий. Показано, что существует возможность снижения энергозатрат на оказание медицинской помощи путем внедрения телемедицинских технологий, в том числе на основе облачных вычислений. |
| भाषा: | रूसी |
| प्रकाशित: |
2012
|
| श्रृंखला: | Медицинские технологии |
| विषय: | |
| ऑनलाइन पहुंच: | http://earchive.tpu.ru/handle/11683/16045 |
| स्वरूप: | इलेक्ट्रोनिक पुस्तक अध्याय |
| KOHA link: | https://koha.lib.tpu.ru/cgi-bin/koha/opac-detail.pl?biblionumber=479365 |
MARC
| LEADER | 00000naa2a2200000 4500 | ||
|---|---|---|---|
| 001 | 479365 | ||
| 005 | 20240124160329.0 | ||
| 035 | |a (RuTPU)RU\TPU\prd\146265 | ||
| 035 | |a RU\TPU\prd\146263 | ||
| 090 | |a 479365 | ||
| 100 | |a 20120711d2012 k y0rusy50 ca | ||
| 101 | 0 | |a rus | |
| 102 | |a RU | ||
| 135 | |a drnn ---uucaa | ||
| 181 | 0 | |a i | |
| 182 | 0 | |a b | |
| 200 | 1 | |a Технологии телемедицины - инструмент оптимизации ресурсов в здравоохранении |f К. С. Бразовский [и др.] | |
| 203 | |a Текст |c электронный | ||
| 215 | |a 1 файл (629 Кб) | ||
| 225 | 1 | |a Медицинские технологии | |
| 300 | |a Заглавие с титульного листа | ||
| 320 | |a [Библиогр.: с. 122 (3 назв.)] | ||
| 330 | |a Рассматриваются вопросы повышения ресурсоэффективности здравоохранения за счет использования современных информационных технологий. Показано, что существует возможность снижения энергозатрат на оказание медицинской помощи путем внедрения телемедицинских технологий, в том числе на основе облачных вычислений. | ||
| 337 | |a Adobe Reader | ||
| 461 | 1 | |0 (RuTPU)RU\TPU\prd\143680 |x 2226-0064 |t Вестник науки Сибири |o электронный научный журнал |f Томский политехнический университет (ТПУ) |d 2011- | |
| 463 | 1 | |0 (RuTPU)RU\TPU\prd\146017 |t № 2 (3) |v [С. 117-122] |d 2012 | |
| 610 | 1 | |a медицина | |
| 610 | 1 | |a телемедицина | |
| 610 | 1 | |a телемедицинские технологии | |
| 610 | 1 | |a здравоохранение | |
| 610 | 1 | |a ресурсоэффективность | |
| 610 | 1 | |a ресурсы | |
| 610 | 1 | |a оптимизация | |
| 610 | 1 | |a облачные вычисления | |
| 610 | 1 | |a электронный ресурс | |
| 675 | |a 61:621.397.13 |v 3 | ||
| 675 | |a 61:621.398 |v 3 | ||
| 675 | |a 61:681.3 |v 3 | ||
| 701 | 1 | |a Бразовский |b К. С. |c специалист в области электроники |c кандидат медицинских наук, доцент Томского политехнического университета |f 1971- |g Константин Станиславович |3 (RuTPU)RU\TPU\pers\32927 |9 16775 | |
| 701 | 1 | |a Демкин |b В. П. |g Владимир Петрович | |
| 701 | 1 | |a Пеккер |b Я. С. |c специалист в области электроники и медицинской техники |c профессор Томского политехнического университета, кандидат технических наук |f 1940- |g Яков Семенович |3 (RuTPU)RU\TPU\pers\25941 | |
| 701 | 1 | |a Рязанцева |b Н. В. |g Наталья Владимировна | |
| 801 | 1 | |a RU |b 63413507 |c 20090623 |g PSBO | |
| 801 | 2 | |a RU |b 63413507 |c 20180115 |g PSBO | |
| 856 | 4 | |u http://earchive.tpu.ru/handle/11683/16045 | |
| 942 | |c BK | ||